|
|
|
|
| LEADER |
01288naa a2200337 a 4500 |
| 001 |
000000286 |
| 003 |
SVKKK |
| 005 |
20071019104818.0 |
| 008 |
030616c1990 xo e engo |
| FMT |
|
|
|
| 038 |
|
|
|a SVKKK
|
| 040 |
|
|
|a SVKKK
|b slo
|e AACR2
|
| 041 |
0 |
|
|a eng
|b rus
|
| 044 |
|
|
|a xo
|c SK
|
| 080 |
|
|
|a 552.4:553.85:550.4+55
|2 1981
|
| 100 |
1 |
|
|a Méres, Štefan
|4 aut
|
| 242 |
1 |
0 |
|a Vzťah medzi teplotou vzniku a obsahom prvkov v mineráloch a horninách dokumentovaný na príklade paragneissov Strážovskej vrchoviny
|
| 245 |
1 |
0 |
|a Correlation Between the Temperatures of the Genesis and the Contents of Some Elements in Minerals and Rocks Illustrated on the Paragneisses of the Strážov Upland
|c Méres Štefan
|
| 300 |
|
|
|b Obr. 9, tab. 2
|
| 500 |
|
|
|a Bratislava, Univerzita Komenského
|
| 504 |
|
|
|a Res. rus., lit. 12 zázn. v rôzn. jaz.
|
| 650 |
0 |
4 |
|a geochémia
|
| 650 |
0 |
4 |
|a paragneissy
|x teplota
|x obsah prvkov
|x vzťahy vzájomné
|z Strážovská vrchovina
|x štúdie
|
| 650 |
0 |
4 |
|a petrografia
|
| 773 |
0 |
|
|t Acta Geologica et Geographica Universitatis Comenianae
|d Bratislava : Slovenské pedagogické nakladateľstvo, 1990
|z 80-08-00746-X
|g S. 103-116
|
| 958 |
|
|
|a NP
|
| 974 |
|
|
|d 940720
|a 245/205
|
| 992 |
|
|
|a RZB
|
| BAS |
|
|
|
| 852 |
|
|
|a SVKKK
|b BIB
|
| 998 |
|
|
|a GEO
|